Sociological theory / (Record no. 187804)

MARC details
000 -LEADER
fixed length control field 00527nam a22001817a 4500
005 - DATE AND TIME OF LATEST TRANSACTION
control field 20220429114827.0
008 - FIXED-LENGTH DATA ELEMENTS--GENERAL INFORMATION
fixed length control field 220429b ||||| |||| 00| 0 eng d
020 ## - INTERNATIONAL STANDARD BOOK NUMBER
International Standard Book Number 817829219X
Terms of availability 00.00
035 ## - SYSTEM CONTROL NUMBER
System control number B-119552
037 ## - SOURCE OF ACQUISITION
Stock number DPL
Source of stock number/acquisition ENG
082 ## - DEWEY DECIMAL CLASSIFICATION NUMBER
Classification number 301
100 ## - MAIN ENTRY--PERSONAL NAME
Personal name Adams, Bert N.
245 ## - TITLE STATEMENT
Title Sociological theory /
Statement of responsibility, etc by Bert N. Adams and R.A. Sydie
260 ## - PUBLICATION, DISTRIBUTION, ETC. (IMPRINT)
Place of publication, distribution, etc New Delhi
Name of publisher, distributor, etc Vistaar Publications
Date of publication, distribution, etc 2001
300 ## - PHYSICAL DESCRIPTION
Extent xxx, 612p.
Dimensions 24 cms.
700 ## - ADDED ENTRY--PERSONAL NAME
Personal name Sydie, R.A.
9 (RLIN) 44967
942 ## - ADDED ENTRY ELEMENTS (KOHA)
Source of classification or shelving scheme Dewey Decimal Classification
Item type English Books
Classification part 301
Call number suffix ADA
Holdings
Withdrawn status Lost status Source of classification or shelving scheme Damaged status Not for loan Home library Current library Date acquired Total Checkouts Full call number Barcode Date last seen Koha item type
    Dewey Decimal Classification     Sarojini Nagar Sarojini Nagar 29/04/2022   301 ADA B-119552 29/04/2022 English Books

© Delhi Public Library
Hit Counter
free hit counter